The chalk box kid (Registro nro. 13333)
[ vista simple ]
| 000 -LIDER | |
|---|---|
| fixed length control field | 00478nam a22001817a 4500 |
| 003 - IDENTIFICACDOR DE NÚMERO DE CONTROL | |
| control field | DO-SdBNP |
| 005 - DATE AND TIME OF LATEST TRANSACTION | |
| control field | 20180222104912.0 |
| 008 - ELEMENTOS DE LONGITUD FIJA | |
| fixed length control field | 180222b xxu||||| |||| 00| 0 spa d |
| 020 ## - ISBN | |
| International Standard Book Number | 0590485237 |
| 040 ## - FUENTE DE CATALOGACIÓN | |
| Agencia que crea de manera original el registro | BPMSU |
| Idioma de catalogación | spa |
| Agencia que realiza la transcripción | BPMSU |
| 100 ## - ASIENTO PRINCIPAL -- NOMBRE PERSONAL | |
| Nombre personal | Bulla, Clyde Robert |
| 245 ## - MENCIÓN DE TITULO | |
| Título | The chalk box kid |
| Mención de responsabilidad | Clyde Robert Bulla |
| 260 ## - PUBLICACIÓN, DISTRIBUCIÓN, ETC. (PIE DE IMPRENTA) | |
| Lugar de publicación, distribución, etc | New York |
| Nombre del editor, distribuidor, etc. | Scholastic |
| Fecha de publicación, distribución, etc | 1987 |
| 300 ## - DESCRIPCIÓN FÍSICA | |
| Extensión | 53 p. |
| Otros detalles físicos | il |
| Dimensiones | 20 cm |
| 942 ## - ADDED ENTRY ELEMENTS (KOHA) | |
| Source of classification or shelving scheme | Dewey Decimal Classification |
| Koha item type | Libros |
| 945 ## - INFORMACIÓN DE PROCESAMIENTO LOCAL | |
| Información de procesamiento local | inventariado, 2018 / dg |
| 956 ## - LOCAL ELECTRONIC LOCATION AND ACCESS (OCLC) | |
| Nombre de host | dgarcia |
| Número de acceso | 10 |
| Withdrawn status | Lost status | Source of classification or shelving scheme | Damaged status | Not for loan | Collection code | Home library | Current library | Date acquired | Source of acquisition | Total Checkouts | Barcode | Date last seen | Price effective from | Koha item type |
|---|---|---|---|---|---|---|---|---|---|---|---|---|---|---|
| Dewey Decimal Classification | Colección General | Biblioteca Pública Metropolitana Salomé Ureña | Biblioteca Pública Metropolitana Salomé Ureña | 02/22/2018 | Donado | BPMSU18020243 | 02/22/2018 | 02/22/2018 | Libros |